000
00290nam a2200121Ia 4500
008
190216s9999||||xx |||||||||||||| ||und||
100
_a
Henry Fielding
245
4
_a
The History Of Tom Jones
260
_b
Heron Books
_c
1967
300
_a
427p[
650
_a
English Literature
942
_c
BK
999
_c
12049
_d
12049